|
|
|
|
| LEADER |
01489nam a2200409 a 4500 |
| 001 |
EBC179241 |
| 003 |
MiAaPQ |
| 005 |
20200520144314.0 |
| 006 |
m o d | |
| 007 |
cr cn||||||||| |
| 008 |
930205s1993 enka sb 001 0 eng |
| 010 |
|
|
|z 93006926
|
| 020 |
|
|
|z 0415075718 (hbk.)
|
| 020 |
|
|
|z 0415092086 (pbk.)
|
| 035 |
|
|
|a (MiAaPQ)EBC179241
|
| 035 |
|
|
|a (Au-PeEL)EBL179241
|
| 035 |
|
|
|a (CaPaEBR)ebr2003590
|
| 035 |
|
|
|a (CaONFJC)MIL5564
|
| 035 |
|
|
|a (OCoLC)437081976
|
| 040 |
|
|
|a MiAaPQ
|c MiAaPQ
|d MiAaPQ
|
| 050 |
|
4 |
|a HB99.5
|b .R38 1993
|
| 082 |
0 |
4 |
|a 330
|2 20
|
| 245 |
0 |
0 |
|a Rationality, institutions, and economic methodology
|h [electronic resource] /
|c edited by Uskali Maki, Bo Gustafsson & Christian Knudsen.
|
| 260 |
|
|
|a London ;
|a New York :
|b Routledge,
|c 1993.
|
| 300 |
|
|
|a xi, 312 p. :
|b ill.
|
| 490 |
1 |
|
|a Economics as social theory
|
| 504 |
|
|
|a Includes bibliographical references and index.
|
| 533 |
|
|
|a Electronic reproduction. Ann Arbor, MI : ProQuest, 2015. Available via World Wide Web. Access may be limited to ProQuest affiliated libraries.
|
| 650 |
|
0 |
|a Institutional economics.
|
| 650 |
|
0 |
|a Economics
|x Methodology.
|
| 655 |
|
4 |
|a Electronic books.
|
| 700 |
1 |
|
|a Maki, Uskali.
|
| 700 |
1 |
|
|a Gustafsson, Bo,
|d 1931-
|
| 700 |
1 |
|
|a Knudsen, Christian,
|d 1951-
|
| 710 |
2 |
|
|a ProQuest (Firm)
|
| 830 |
|
0 |
|a Economics as social theory.
|
| 856 |
4 |
0 |
|u https://ebookcentral.proquest.com/lib/matrademy/detail.action?docID=179241
|z Click to View
|